000 00317nam a2200121Ia 4500
100 _aWeidlich/ E.
942 _cBK
654 _aOperating characteristics
245 _aConstructional features & operating characteristics of Fuel cells
260 _bWiley eastern
_aNew Delhi
_c1991
546 _aENGLISH
999 _c35382
_d35382